CIAK SI GIRA (Record n. 107958)

Dettagli MARC
000 -LEADER
fixed length control field 01167agaaa2200265 4500
001 - CONTROL NUMBER
control field 9220
003 - CONTROL NUMBER IDENTIFIER
control field IT-RoPAU
005 - DATE AND TIME OF LATEST TRANSACTION
control field 20220918181304.0
007 - PHYSICAL DESCRIPTION FIXED FIELD--GENERAL INFORMATION
fixed length control field d cvaizq
008 - FIXED-LENGTH DATA ELEMENTS--GENERAL INFORMATION
fixed length control field 50131s9999||||xx ||| | || ||und||
040 ## - CATALOGING SOURCE
Original cataloging agency IT-RoPAU
Transcribing agency IT-RoPAU
041 ## - LANGUAGE CODE
Language code of text/sound track or separate title ITALIANO
100 ## - MAIN ENTRY--PERSONAL NAME
Personal name Anonimo
Miscellaneous information Codice regista SPICS: 2620
9 (RLIN) 54114
130 ## - MAIN ENTRY--UNIFORM TITLE
Uniform title CIAK SI GIRA
9 (RLIN) 54115
245 ## - TITLE STATEMENT
Title CIAK SI GIRA
Name of part/section of a work CIAK SI GIRA (Rif. Codice opera principale : 79220)
250 ## - EDITION STATEMENT
Edition statement Edizione Standard
260 ## - PUBLICATION, DISTRIBUTION, ETC. (IMPRINT)
Place of publication, distribution, etc. ROMA (U.R.S.S.)
Name of publisher, distributor, etc. SAMPAOLO FILM AUDIOVISIVI / Distribuzione: MASTER VIDEO
Date of manufacture "1977 (1° ed.: 1986 ; Ed. Lingua Orig.: 1977)"
300 ## - PHYSICAL DESCRIPTION
Extent VHS
Other physical details sonoro, col.
Dimensions 20 minuti
520 ## - SUMMARY, ETC.
Summary, etc. LINGUAGGIO-DELL'IMMAGINE-N.10E' UN CARTONE ANIMATO CHE ILLUSTRA LE VARIE FASI ATTRAVERSO LE QUALI PASSALA PRODUZIONE DI UN FILM COGLIENDONE SOPRATTUTTO GLI ASPETTI UMORISTICI COSTITUISCE UNA SPECIE DI SINTESI E DI PIACEVOLE CHIUSURA DEL PROGRAMMA RELATIVO AL CINEMA
538 ## - SYSTEM DETAILS NOTE
System details note PAL, STEREO
546 ## - LANGUAGE NOTE
Language note ITALIANO
650 ## - SUBJECT ADDED ENTRY--TOPICAL TERM
Topical term or geographic name as entry element DIDATTICO
Relator term STUDI SUL CINEMA [VHS]
General subdivision Codice MATERIA SPICS: 9959
9 (RLIN) 36686
700 ## - ADDED ENTRY--PERSONAL NAME
Personal name Anonimo
Relator term (regista)
Miscellaneous information Codice regista SPICS: 2620
9 (RLIN) 54114
942 ## - ADDED ENTRY ELEMENTS (KOHA)
Koha item type VHS - VIDEO
Source of classification or shelving scheme Dewey Decimal Classification
Dati di copia
Withdrawn status Lost status Damaged status Not for loan Home library Current library Date acquired Total Checkouts Full call number Date last seen Price effective from Koha item type Public note
    Buone Condizioni Not For Loan SPICS-MEDIATECA SPICS-MEDIATECA 31/01/2015   79220 31/01/2015 31/01/2015 VHS - VIDEO Progr. Ins.: 2564 / N.Vol.:1 / Copie: 1 / Pag.:0 / Copia rara: n.d. / date import: 1.2.2015 / By Epidotti, Trombetti, Vaglietti
CREDITS: SOCIETA' SAN PAOLO Via A.Severo, 58 - ROMA (RM) & PERIODICI SAN PAOLO SRL Via Giotto, 36 MILANO & CISF Via Giotto, 36 MILANO & EDIZIONI SAN PAOLO SRL,  Piazza Soncino, 5 CINISELLO BALSAMO (MI) -- ITALY